[Event "2nd Limpedea Cup"]
[Site "Baia Sprie ROM"]
[Date "2010.05.24"]
[Round "1"]
[White "Bonte,An"]
[Black "Manolache,M"]
[Result "0-1"]
[WhiteElo "2307"]
[BlackElo "2527"]
[EventDate "2010.05.24"]

1. d4 Nf6 2. c4 d6 3. Nc3 g6 4. e4 Bg7 5. Nf3 O-O 6. Be2 c6 7. O-O a6 8. a4
a5 9. Be3 Na6 10. Qc2 Nb4 11. Qc1 Bg4 12. h3 Bxf3 13. Bxf3 Nd7 14. Be2 e5
15. dxe5 dxe5 16. Na2 Na6 17. c5 Nc7 18. Bc4 Qe7 19. Rd1 Kh8 20. Qc3 f5 21.
Rd6 f4 22. Rad1 Nf6 23. Bc1 Nxe4 24. Qf3 Nxc5 25. Qa3 Ne4 26. Rd7 Qxa3 27.
bxa3 Rac8 28. Bb2 Bf6 29. Re1 Nc5 30. Rd6 Nxa4 31. Ba1 Ne8 32. Re6 b5 33.
Bf1 Nc5 34. Rxf6 Nxf6 35. Bxe5 Ncd7 36. Bxf4 Rfe8 37. Rc1 Nd5 38. Bd2 a4
39. Nb4 Nxb4 40. Bxb4 Kg8 41. g3 Nf6 42. h4 Nd5 43. Bc5 Rcd8 44. Bg2 Kf7
45. Bf3 Re6 46. Rd1 Ke8 47. Kg2 Nf6 48. Rc1 Rd3 49. Bb4 Nd5 50. Bg4 Re4 51.
Bf3 Rc4 52. Re1+ Kf7 53. Bxd5+ Rxd5 54. Re7+ Kf6 55. Rxh7 c5 56. Ba5 b4 57.
f4 bxa3 0-1

[Event "2nd Limpedea Cup"]
[Site "Baia Sprie ROM"]
[Date "2010.05.24"]
[Round "1"]
[White "Dvirnyy,D"]
[Black "Burnoiu,N1"]
[Result "1-0"]
[WhiteElo "2459"]
[BlackElo "2403"]
[EventDate "2010.05.24"]

1. e4 c5 2. Nf3 d6 3. d4 cxd4 4. Qxd4 a6 5. c4 Nc6 6. Qe3 g6 7. h3 Bh6 8.
Qc3 Qa5 9. Qxa5 Nxa5 10. Bxh6 Nxh6 11. Nc3 Be6 12. Nd5 Rc8 13. b3 f6 14.
Be2 Nc6 15. Nb6 Rc7 16. O-O Nf7 17. Rac1 Nfe5 18. c5 dxc5 19. Rxc5 Nd7 20.
Nxd7 Kxd7 21. Rd1+ Kc8 22. Rdc1 Bd7 23. Nd4 Kb8 24. Nxc6+ Rxc6 25. Rxc6
Bxc6 26. Bxa6 Bxe4 27. Bb5 e6 28. f3 Bd5 29. Kf2 Rc8 30. Rxc8+ Kxc8 31. Bd3
e5 32. g4 Kc7 33. Ke3 b6 34. h4 Bf7 35. g5 f5 36. Bc2 Kd6 37. a3 Kd5 38.
Kd3 Be8 39. Kc3 e4 40. f4 Bb5 41. Bd1 Ba6 42. b4 e3 43. Bf3+ Kd6 44. a4 Bf1
45. h5 b5 46. a5 Kc7 47. h6 Kb8 48. Bh5 1-0

[Event "2nd Limpedea Cup"]
[Site "Baia Sprie ROM"]
[Date "2010.05.24"]
[Round "1"]
[White "Jianu,V"]
[Black "Thesing,M"]
[Result "1/2-1/2"]
[WhiteElo "2492"]
[BlackElo "2425"]
[EventDate "2010.05.24"]

1. d4 d5 2. c4 dxc4 3. e3 e5 4. Bxc4 exd4 5. exd4 Nf6 6. Nf3 Bd6 7. O-O O-O
8. Nc3 Nc6 9. h3 h6 10. Qc2 Nb4 11. Qb1 Be6 12. Bxe6 fxe6 13. Re1 Qd7 14.
Bd2 Rae8 15. Re2 Nc6 16. Qd3 e5 17. dxe5 Nxe5 18. Nxe5 Rxe5 19. Rae1 Rxe2
20. Qxe2 Qf7 21. Qe6 Qxe6 22. Rxe6 Kf7 23. Re2 a6 24. g3 Re8 25. Rxe8 Kxe8
26. Kg2 1/2-1/2

[Event "2nd Limpedea Cup"]
[Site "Baia Sprie ROM"]
[Date "2010.05.24"]
[Round "1"]
[White "Warakomski,T"]
[Black "Sieciechowicz,M"]
[Result "1/2-1/2"]
[WhiteElo "2499"]
[BlackElo "2427"]
[EventDate "2010.05.24"]

1. e4 e6 2. d4 d5 3. Nd2 Nf6 4. e5 Nfd7 5. c3 c5 6. Bd3 Nc6 7. Ne2 cxd4 8.
cxd4 f6 9. exf6 Nxf6 10. Nf3 Bd6 11. O-O O-O 12. Bf4 Bxf4 13. Nxf4 Ne4 14.
Qc1 Ng5 15. Nxg5 Qxg5 16. Ne2 Qxc1 17. Raxc1 a6 18. Rfd1 Bd7 19. f3 Rac8
20. Kf2 Na7 21. Bb1 h6 22. Ke3 Kf7 23. Rxc8 Rxc8 24. h4 Kf6 25. Rc1 Rxc1
1/2-1/2

[Event "2nd Limpedea Cup"]
[Site "Baia Sprie ROM"]
[Date "2010.05.24"]
[Round "1"]
[White "Grigore,Ge"]
[Black "Szabo,At1"]
[Result "1/2-1/2"]
[WhiteElo "2532"]
[BlackElo "2306"]
[EventDate "2010.05.24"]

1. d4 d6 2. Nf3 g6 3. c4 Bg7 4. Nc3 Nc6 5. d5 Ne5 6. Nxe5 Bxe5 7. e4 Bxc3+
8. bxc3 e5 9. dxe6 Bxe6 10. Qd4 Qf6 11. c5 Qxd4 12. cxd4 dxc5 13. dxc5 Nf6
14. Bb2 Ke7 15. c6 bxc6 16. Ba3+ Ke8 17. Bd3 Nd7 18. f4 Rb8 19. Kf2 f6 20.
h3 Rb6 21. Rhd1 Kd8 22. Rd2 Kc8 23. Be2 Re8 24. Bd3 Rh8 25. Be2 Re8 26. g4
c5 27. Bb2 Re7 28. Bc3 Bf7 29. Bf3 g5 30. f5 Rd6 31. a4 Ne5 32. Be2 Red7
1/2-1/2

[Event "2nd Limpedea Cup"]
[Site "Baia Sprie ROM"]
[Date "2010.05.25"]
[Round "2"]
[White "Manolache,M"]
[Black "Szabo,At1"]
[Result "1-0"]
[WhiteElo "2527"]
[BlackElo "2306"]
[EventDate "2010.05.24"]

1. d4 d6 2. Nf3 g6 3. g3 Bg7 4. Bg2 e5 5. Nc3 Nc6 6. dxe5 dxe5 7. Qxd8+
Nxd8 8. Nb5 Kd7 9. Be3 Ne6 10. O-O-O+ Ke7 11. Ng5 Bh6 12. Nxe6 Bxe3+ 13.
fxe3 Bxe6 14. Nxc7 Rb8 15. Nd5+ Kf8 16. Rhf1 Nh6 17. Rd3 Kg7 18. h3 e4 19.
Bxe4 Bxh3 20. Rh1 Be6 21. Nf4 Rhe8 22. Bf3 Bf5 23. Ra3 a6 24. Rg1 Ng4 25.
e4 Bc8 26. Rd1 Ne5 27. Rc3 g5 28. Nd3 Nc6 29. Nc5 Ne5 30. Rd5 h6 31. Nd3
Nc6 32. Rcc5 Be6 33. Rd6 f6 34. e5 Nxe5 35. Nxe5 fxe5 36. Bh5 Re7 37. Rxe5
Kf6 38. Re3 Kf5 39. a4 Rc8 40. Rdxe6 1-0

[Event "2nd Limpedea Cup"]
[Site "Baia Sprie ROM"]
[Date "2010.05.25"]
[Round "2"]
[White "Burnoiu,N1"]
[Black "Jianu,V"]
[Result "0-1"]
[WhiteElo "2403"]
[BlackElo "2492"]
[EventDate "2010.05.24"]

1. e4 c5 2. Nf3 d6 3. d4 cxd4 4. Nxd4 Nf6 5. Nc3 g6 6. Be2 Bg7 7. O-O Nc6
8. Nb3 O-O 9. Bg5 Be6 10. f4 b5 11. Bf3 a5 12. Kh1 b4 13. Nd5 a4 14. Bxf6
exf6 15. Nd4 Bxd5 16. exd5 Nxd4 17. Qxd4 f5 18. Qxb4 a3 19. c3 Qc7 20. b3
Rfb8 21. Qc4 Qxc4 22. bxc4 Bxc3 23. Rad1 Bb4 24. Rb1 Bc5 25. Rb5 Re8 26.
Rb3 Ra4 27. Rc3 Rb8 28. Bd1 Rb1 29. Rb3 Ra1 30. Rc3 Ra8 0-1

[Event "2nd Limpedea Cup"]
[Site "Baia Sprie ROM"]
[Date "2010.05.25"]
[Round "2"]
[White "Manea,Al"]
[Black "Dvirnyy,D"]
[Result "1/2-1/2"]
[WhiteElo "2396"]
[BlackElo "2459"]
[EventDate "2010.05.24"]

1. Nf3 Nf6 2. d4 g6 3. Nbd2 d5 4. e3 Bg7 5. b4 a5 6. b5 c5 7. bxc6 Nxc6 8.
Ba3 O-O 9. Be2 Bf5 10. O-O Nb4 11. Bxb4 axb4 12. Qb1 Qd6 13. Qb2 Rfc8 14.
Rfc1 Ne4 15. Nxe4 dxe4 16. Ne5 Bxe5 17. dxe5 Qd2 18. Bf1 Be6 19. Rd1 Qc3
20. Qxc3 bxc3 21. Rd4 Bxa2 22. Rxe4 Be6 23. Rc1 Ra2 24. Rd4 Rb2 25. Bd3 b5
26. f4 Kg7 27. Kf2 b4 28. e4 f5 29. exf6+ Kxf6 30. Kf3 h5 31. h3 h4 32. Ke3
b3 33. f5 gxf5 34. exf5 Bf7 35. Rxh4 Ra2 36. cxb3 Rxg2 37. Rg4 Rh2 38. Rg3
Bxb3 39. Kd4 Rd8+ 40. Ke3 Rg8 41. Rxg8 Rxh3+ 42. Kd4 Bxg8 43. Rxc3 e5+ 44.
fxe6 Bxe6 45. Ke4 1/2-1/2

[Event "2nd Limpedea Cup"]
[Site "Baia Sprie ROM"]
[Date "2010.05.26"]
[Round "3"]
[White "Szabo,At1"]
[Black "Sieciechowicz,M"]
[Result "1-0"]
[WhiteElo "2306"]
[BlackElo "2427"]
[EventDate "2010.05.24"]

1. c4 e5 2. Nc3 Nc6 3. g3 d6 4. Bg2 Be6 5. d3 Qd7 6. e4 g6 7. f4 Bg7 8. Nf3
Bh3 9. O-O Bxg2 10. Kxg2 Nge7 11. Nh4 exf4 12. Bxf4 O-O-O 13. Qd2 h6 14.
Be3 Rdf8 15. d4 g5 16. Nf5 Nxf5 17. exf5 Bf6 18. Nd5 Bd8 19. Qd3 f6 20.
Rae1 Re8 21. Re2 Qf7 22. Rfe1 Ne7 23. Nxe7+ Rxe7 24. d5 h5 25. h3 h4 26. g4
Rhe8 27. Bd4 c5 28. dxc6 bxc6 29. Bc3 Rxe2+ 30. Rxe2 Rxe2+ 31. Qxe2 Kd7 32.
b3 Bb6 33. Kf3 d5 34. Qd3 Kc7 35. cxd5 cxd5 36. Bd4 Bxd4 37. Qxd4 Kc6 38.
Qc3+ Kb6 39. Qb4+ Kc6 40. Qa5 Kd6 41. Qd8+ Kc5 42. Ke3 Kb4 43. Kd4 Ka3 44.
Qxd5 Qe8 45. b4 Kb2 46. b5 Qb8 47. Qb3+ Kc1 48. Kd5 Qb6 49. Qc3+ Kb1 50. a4
Qd8+ 51. Kc4 Ka2 52. Qc2+ Ka1 53. Qc3+ Ka2 54. Qd4 Qc7+ 55. Kb4 Qg3 56.
Qxf6 Qa3+ 57. Ka5 Qxh3 58. Qe6+ Kb2 59. f6 Qc3+ 60. Ka6 h3 61. f7 h2 62.
f8=Q h1=Q 63. Qf2+ Kb1 64. Qxa7 Qd1 65. Qe4+ Ka1 66. Qab7 Qdd2 67. Qbc6 Qg7
68. Qc5 Qdb2 69. b6 Qgf6 70. Qb5 Qc1 71. Qbe5+ Ka2 72. Qxf6 1-0

[Event "2nd Limpedea Cup"]
[Site "Baia Sprie ROM"]
[Date "2010.05.26"]
[Round "3"]
[White "Jianu,V"]
[Black "Manea,Al"]
[Result "1-0"]
[WhiteElo "2492"]
[BlackElo "2396"]
[EventDate "2010.05.24"]

1. d4 d5 2. c4 c6 3. Nf3 Nf6 4. e3 a6 5. Bd3 Bg4 6. O-O Nbd7 7. Nbd2 e6 8.
b3 Bd6 9. Bb2 O-O 10. Qc2 Bh5 11. Ne5 Bg6 12. Nxg6 hxg6 13. c5 Bc7 14. f4
Ng4 15. Rae1 f5 16. h3 Ngf6 17. b4 Ne4 18. Nf3 Ndf6 19. g4 Nh7 20. g5 Kf7
21. a4 Rh8 22. h4 Nf8 23. Rb1 Nd7 24. Bc3 Qe7 25. Rb2 Ra7 26. Rfb1 Rha8 27.
Be1 Qe8 28. Kf1 Ke7 29. Ng1 Qh8 30. Be2 Qc8 31. Bd1 Kf7 32. Ne2 b5 33. Nc1
Qb7 34. Be2 Rh8 35. Ra2 Rha8 36. Rba1 Bb8 37. Ra3 Ke7 38. R1a2 Kf7 39. Bd3
Ke7 40. Kg2 Kf7 41. Ra1 Ke7 42. Qa2 Kf7 43. Nb3 Bc7 44. axb5 cxb5 45. Na5
Bxa5 46. Rxa5 Nb8 47. Bxb5 Kg8 48. Be2 Nc6 49. Rxa6 Rxa6 50. Bxa6 Qb8 51.
Qb2 e5 52. fxe5 f4 53. Be2 Rxa1 54. Qxa1 fxe3 55. b5 Ne7 56. b6 Qc8 57. Qa3
Nf5 58. Qa6 Qf8 59. b7 Kh7 60. Qa8 Nxh4+ 61. Bxh4 Qf4 62. b8=Q 1-0

[Event "2nd Limpedea Cup"]
[Site "Baia Sprie ROM"]
[Date "2010.05.26"]
[Round "3"]
[White "Shishkin,Va UKR"]
[Black "Manolache,M"]
[Result "1/2-1/2"]
[WhiteElo "2513"]
[BlackElo "2527"]
[EventDate "2010.05.24"]

1. d4 Nf6 2. c4 g6 3. Nc3 Bg7 4. e4 d6 5. Be2 O-O 6. Nf3 c6 7. O-O a6 8. h3
b5 9. e5 Ne8 10. Bf4 Bf5 11. Re1 Nd7 12. b4 dxe5 13. dxe5 Nc7 14. c5 a5 15.
a3 Be6 16. Qd4 Nd5 17. Bg3 f6 18. Rad1 axb4 19. axb4 fxe5 20. Nxe5 Nxe5 21.
Bxe5 Rf4 22. Qxf4 Nxf4 23. Rxd8+ Rxd8 24. Bxg7 Kxg7 25. Bf3 Rd3 26. Ne2
Rxf3 27. gxf3 Nd3 28. Rb1 Ba2 29. Ra1 Nxb4 30. Nc3 Be6 31. Ra7 Bxh3 32.
Rxe7+ Kf6 33. Rxh7 Bf5 34. f4 Na6 35. Rb7 Nxc5 36. Rc7 Bd7 37. Nxb5 Ke6 38.
Nc3 Nd3 39. Ne4 Be8 40. Rc8 Bd7 41. Ra8 Kf5 42. Ra4 Nxf4 43. Ng3+ Kg5 44.
Rc4 Ne6 45. Kg2 Kf6 46. Kf3 c5 47. Ke3 Bb5 48. Rc1 Ke5 49. Ne4 c4 50. Rg1
Bc6 51. f4+ Kf5 52. Nd6+ Kf6 53. Nxc4 g5 54. fxg5+ Nxg5 55. Rf1+ Ke6 56.
Kf4 Nf7 57. Re1+ Kf6 58. Rb1 Ke6 59. Rc1 Bd5 60. Re1+ Kf6 61. Ne3 Be6 62.
Ra1 Ne5 63. Ra6 Nd3+ 64. Kf3 Ke5 65. Ra5+ Kd4 66. Ra4+ Ke5 67. Re4+ Kf6 68.
Rd4 Ne5+ 69. Ke4 Nf7 70. Ra4 Ng5+ 71. Kf4 Nh3+ 72. Kg3 Ng5 73. Ra5 Ne4+ 74.
Kf4 Nf2 75. Nd5+ Bxd5 76. Rxd5 Nh3+ 77. Kg4 Nf2+ 78. Kg3 Ke6 79. Ra5 Ne4+
80. Kf4 Nd6 1/2-1/2

[Event "2nd Limpedea Cup"]
[Site "Baia Sprie ROM"]
[Date "2010.05.26"]
[Round "3"]
[White "Grigore,Ge"]
[Black "Thesing,M"]
[Result "1-0"]
[WhiteElo "2532"]
[BlackElo "2425"]
[EventDate "2010.05.24"]

1. d4 Nf6 2. c4 e6 3. Nc3 d5 4. cxd5 exd5 5. Bg5 c6 6. e3 Bf5 7. Nge2 Bd6
8. Ng3 Bg6 9. Qb3 b6 10. Be2 O-O 11. O-O Nbd7 12. f4 h6 13. Bh4 Qe8 14. Nd1
c5 15. f5 Bh7 16. Bb5 c4 17. Qc2 a6 18. Bc6 Rc8 19. Qa4 Rxc6 20. Qxc6 Qb8
21. Nf2 Rc8 22. Qa4 Qb7 23. Qc2 b5 24. Rfe1 g5 25. fxg6 fxg6 26. Bxf6 Nxf6
27. Qe2 Bxg3 28. hxg3 g5 29. Ng4 Ne4 30. Nxh6+ Kg7 31. Ng4 Bf5 32. Nf2 Nf6
33. Qf3 Qd7 34. Rf1 Rf8 35. g4 Bg6 36. Nh3 Qxg4 37. Qxg4 Nxg4 38. Rxf8 Kxf8
39. Re1 b4 40. Nxg5 Nf6 41. Kf2 a5 42. Ke2 Kg7 43. Ne6+ 1-0

[Event "2nd Limpedea Cup"]
[Site "Baia Sprie ROM"]
[Date "2010.05.27"]
[Round "4"]
[White "Manea,Al"]
[Black "Warakomski,T"]
[Result "1-0"]
[WhiteElo "2396"]
[BlackElo "2499"]
[EventDate "2010.05.24"]

1. e4 e5 2. Nf3 Nc6 3. Bb5 a6 4. Ba4 Nf6 5. O-O b5 6. Bb3 Bc5 7. d3 d6 8.
Be3 Bg4 9. c3 Bxe3 10. fxe3 d5 11. exd5 Nxd5 12. Qe1 O-O 13. Nbd2 Re8 14.
Qg3 Bh5 15. Rae1 Bg6 16. Ne4 Nb6 17. Nh4 1-0

[Event "2nd Limpedea Cup"]
[Site "Baia Sprie ROM"]
[Date "2010.05.27"]
[Round "4"]
[White "Burnoiu,N1"]
[Black "Grigore,Ge"]
[Result "1/2-1/2"]
[WhiteElo "2403"]
[BlackElo "2532"]
[EventDate "2010.05.24"]

1. e4 c6 2. d4 d5 3. Nd2 dxe4 4. Nxe4 Bf5 5. Ng3 Bg6 6. h4 h6 7. Nf3 Nd7 8.
h5 Bh7 9. Bd3 Bxd3 10. Qxd3 e6 11. Bd2 Ngf6 12. O-O-O Be7 13. Rhe1 O-O 14.
Qe2 Re8 15. Ne5 Bf8 16. f4 c5 17. Nxd7 Qxd7 18. dxc5 Qc7 19. Ne4 Nxe4 20.
Qxe4 Qxc5 21. g4 Rac8 22. Bc3 Qc4 23. Qxc4 Rxc4 24. Rf1 Bc5 25. Rd7 b5 26.
Kd2 1/2-1/2

[Event "2nd Limpedea Cup"]
[Site "Baia Sprie ROM"]
[Date "2010.05.27"]
[Round "4"]
[White "Shishkin,Va UKR"]
[Black "Dvirnyy,D"]
[Result "1/2-1/2"]
[WhiteElo "2513"]
[BlackElo "2459"]
[EventDate "2010.05.24"]

1. d4 Nf6 2. c4 e6 3. Nc3 Bb4 4. Qc2 d5 5. cxd5 exd5 6. Bg5 h6 7. Bh4 c5 8.
dxc5 g5 9. Bg3 Ne4 10. Bxb8 Bxc3+ 11. bxc3 Rxb8 12. Qa4+ Ke7 13. e3 Qc7 14.
Qd4 Be6 15. Bd3 b6 16. cxb6 Qxc3+ 17. Qxc3 Nxc3 18. bxa7 Rb2 19. Nf3 Ra8
20. h4 Rxa7 21. hxg5 hxg5 22. Nxg5 Raxa2 23. Rxa2 Rxa2 24. Rh4 Bd7 25. Rb4
f6 26. Nf3 Ra1+ 27. Kd2 Nd1 28. Rb7 Nxf2 1/2-1/2

[Event "2nd Limpedea Cup"]
[Site "Baia Sprie ROM"]
[Date "2010.05.27"]
[Round "4"]
[White "Bonte,An"]
[Black "Jianu,V"]
[Result "0-1"]
[WhiteElo "2307"]
[BlackElo "2492"]
[EventDate "2010.05.24"]

1. d4 Nf6 2. Nf3 e6 3. Bg5 b6 4. Nbd2 Bb7 5. e3 h6 6. Bh4 d6 7. Bd3 Nbd7 8.
c3 g5 9. Bg3 Nh5 10. e4 Bg7 11. Qc2 Qe7 12. O-O-O O-O-O 13. Rhe1 Kb8 14.
Qa4 c6 15. Qa3 Nxg3 16. hxg3 Bf8 17. Qb3 Rg8 18. Nc4 g4 19. Nh4 c5 20. d5
Bg7 21. Kb1 Ne5 22. Nxe5 Bxe5 23. Bc4 Bc8 24. a4 Ka8 25. Kc2 Bd7 26. dxe6
fxe6 27. Nf5 Qf6 28. Nxd6 Bc6 29. Nf5 Bd7 30. Nd6 Bc6 31. Bxe6 Rg6 32. Nf7
Rxd1 33. Rxd1 Qxe6 34. Nxe5 Bxe4+ 0-1

[Event "2nd Limpedea Cup"]
[Site "Baia Sprie ROM"]
[Date "2010.05.28"]
[Round "5"]
[White "Jianu,V"]
[Black "Shishkin,Va UKR"]
[Result "1/2-1/2"]
[WhiteElo "2492"]
[BlackElo "2513"]
[EventDate "2010.05.24"]

1. d4 Nf6 2. c4 g6 3. Nc3 d5 4. Bg5 Ne4 5. Bh4 Nxc3 6. bxc3 dxc4 7. e3 Be6
8. Nf3 Bg7 9. Be2 Nd7 10. Ng5 Bd5 11. e4 h6 12. exd5 hxg5 13. Bxg5 Nb6 14.
Bf3 Nxd5 15. Qa4+ c6 16. Qxc4 Qd6 17. Rc1 O-O-O 18. g3 Qe6+ 19. Qe2 Qxe2+
20. Kxe2 Bf6 21. h4 Bxg5 22. hxg5 Rxh1 23. Bxh1 e6 24. Be4 Kc7 25. Kd3
1/2-1/2

[Event "2nd Limpedea Cup"]
[Site "Baia Sprie ROM"]
[Date "2010.05.28"]
[Round "5"]
[White "Sieciechowicz,M"]
[Black "Thesing,M"]
[Result "1-0"]
[WhiteElo "2427"]
[BlackElo "2425"]
[EventDate "2010.05.24"]

1. d4 Nf6 2. c4 e6 3. Nc3 d5 4. cxd5 exd5 5. Bg5 c6 6. Qc2 Na6 7. e3 Nb4 8.
Qb1 g6 9. Qd1 a5 10. a3 Na6 11. Bd3 Be7 12. Nge2 Nc7 13. f3 Nh5 14. Bxe7
Qxe7 15. Qd2 O-O 16. O-O b5 17. Rae1 Bd7 18. e4 dxe4 19. fxe4 c5 20. e5
cxd4 21. Nxd4 Qc5 22. Qe3 Rac8 23. Ne4 Qb6 24. Kh1 Nd5 25. Qh6 f6 26. exf6
Qxd4 27. Ng5 Ndxf6 28. Bxg6 hxg6 29. Qxg6+ Kh8 30. Re7 Bf5 31. Qxf5 1-0

[Event "2nd Limpedea Cup"]
[Site "Baia Sprie ROM"]
[Date "2010.05.28"]
[Round "5"]
[White "Warakomski,T"]
[Black "Bonte,An"]
[Result "1-0"]
[WhiteElo "2499"]
[BlackElo "2307"]
[EventDate "2010.05.24"]

1. e4 e5 2. Nf3 Nc6 3. Bc4 Bc5 4. b4 Bxb4 5. c3 Bc5 6. d4 exd4 7. cxd4 Bb6
8. O-O d6 9. d5 Na5 10. Bd3 Ne7 11. Bb2 O-O 12. Qd2 c5 13. Na3 Ng6 14. Nc2
Bc7 15. Ne3 f6 16. Ne1 Rb8 17. f4 b5 18. Be2 Qe8 19. Qc2 Bb6 20. Rd1 c4 21.
Bd4 f5 22. Bxb6 axb6 23. Rd4 Nxf4 24. Rxf4 Qe5 25. Qd2 Qxf4 26. exf5 Qh6
27. g4 Re8 28. N1g2 Ba6 29. h4 Qf6 30. g5 Qe5 31. Bh5 Re7 32. f6 Rc7 33.
Rf4 gxf6 34. Ng4 c3 35. Qc2 Qe7 36. gxf6 Qf8 37. f7+ Kh8 38. Nf6 Qh6 39.
Ne8 Qf8 40. Nxc7 1-0

[Event "2nd Limpedea Cup"]
[Site "Baia Sprie ROM"]
[Date "2010.05.28"]
[Round "5"]
[White "Szabo,At1"]
[Black "Burnoiu,N1"]
[Result "1-0"]
[WhiteElo "2306"]
[BlackElo "2403"]
[EventDate "2010.05.24"]

1. Nf3 Nf6 2. d4 g6 3. g3 Bg7 4. Bg2 O-O 5. O-O d5 6. c4 dxc4 7. Na3 c3 8.
bxc3 c5 9. Nc4 Nc6 10. e3 Bf5 11. Nfe5 Nd5 12. Nxc6 bxc6 13. Qd2 Be6 14.
Ba3 Nb4 15. Nb2 Na6 16. Nd3 Bc4 17. Rfd1 Bxd3 18. Qxd3 Qa5 19. Bc1 Rac8 20.
Bd2 Qa4 21. Bf1 Nc7 22. Qc4 Qxc4 23. Bxc4 cxd4 24. cxd4 c5 25. Bc3 Rfd8 26.
Rac1 cxd4 27. Ba5 e6 28. Bb3 Be5 29. f4 Bd6 30. Rxd4 Nb5 31. Rdc4 Rxc4 32.
Rxc4 Rb8 33. Kf2 Kf8 34. Kf3 Ke7 35. g4 h6 36. h4 Na3 37. Rc1 Nb5 38. g5
hxg5 39. hxg5 Ba3 40. Rc6 Kd7 41. Rc4 Rc8 42. Rxc8 Kxc8 43. Bc4 Nd6 44. Bd3
Kd7 45. Bc3 Bc5 46. e4 Kc6 47. a4 Bb6 48. e5 Nb7 49. Bb5+ Kc5 50. Be8 Nd8
51. a5 Bc7 52. Ke4 Kc4 53. Bd2 a6 54. Be1 Bb8 55. Bf2 Bc7 56. Bb6 Bxb6 57.
axb6 a5 58. Bxf7 a4 59. b7 Nxb7 60. Bxe6+ Kc3 61. Ba2 Kb2 62. Kd5 Nd8 63.
f5 Kxa2 64. e6 1-0

[Event "2nd Limpedea Cup"]
[Site "Baia Sprie ROM"]
[Date "2010.05.28"]
[Round "6"]
[White "Manea,Al"]
[Black "Szabo,At1"]
[Result "1/2-1/2"]
[WhiteElo "2396"]
[BlackElo "2306"]
[EventDate "2010.05.24"]

1. d4 Nf6 2. Nf3 c5 3. d5 d6 4. c4 e6 5. Nc3 exd5 6. cxd5 g6 7. e4 Bg7 8.
Nd2 O-O 9. Be2 b6 10. O-O Ba6 11. Bxa6 Nxa6 12. Nc4 Re8 13. f3 Nc7 14. a4
Rb8 15. Bf4 Bf8 16. Qd2 Nh5 17. Bg5 Qd7 18. g4 Ng7 19. e5 Rxe5 20. Nxe5
dxe5 21. Bf6 Qd6 22. Ne4 Qxd5 23. Qxd5 Nxd5 24. Bxe5 Re8 25. Nf6+ Nxf6 26.
Bxf6 Ne6 27. Rfe1 Bg7 28. Bxg7 Kxg7 29. Rad1 Re7 30. Kf2 Rc7 31. Kg3 g5 32.
h4 h6 33. Rd5 Kf6 34. Re4 c4 35. Rf5+ Kg6 36. Rd5 Kf6 37. Re3 Rc5 38. Rxc5
Nxc5 39. Rc3 Nxa4 40. Rxc4 Nxb2 41. Rc7 Ke6 42. Rxa7 Nc4 43. Ra8 b5 44. Rh8
gxh4+ 45. Kxh4 Kd5 46. Rxh6 b4 47. Kg5 b3 48. Rh1 b2 49. Kf6 Nd2 50. g5 Kd4
51. f4 Ke3 52. Kxf7 Ke2 53. Rg1 Kf2 1/2-1/2

[Event "2nd Limpedea Cup"]
[Site "Baia Sprie ROM"]
[Date "2010.05.28"]
[Round "6"]
[White "Dvirnyy,D"]
[Black "Jianu,V"]
[Result "1/2-1/2"]
[WhiteElo "2459"]
[BlackElo "2492"]
[EventDate "2010.05.24"]

1. e4 c5 2. Nf3 d6 3. d4 cxd4 4. Nxd4 Nf6 5. Nc3 g6 6. Be3 Bg7 7. f3 Nc6 8.
Qd2 O-O 9. Bc4 Bd7 10. h4 Na5 11. Bb3 Qc7 12. O-O-O Nc4 13. Bxc4 Qxc4 14.
h5 b5 15. b3 Qb4 16. hxg6 fxg6 17. Ncxb5 Qxd2+ 18. Rxd2 h5 19. Nc7 Rab8 20.
Nce6 Rfc8 21. Nxg7 Kxg7 22. Bg5 Rc5 23. Bxf6+ Kxf6 24. Ne2 Rh8 25. Nf4 Rg5
26. Kd1 h4 27. Ke1 Ra5 28. Nd5+ Kf7 29. a4 g5 30. Ne3 Be6 31. g3 Ke8 32.
Ke2 Re5 33. Rd4 Kd7 34. Rh2 a5 35. Rd1 Kc6 36. gxh4 gxh4 37. Ng2 d5 38.
Rxh4 Rxh4 39. Nxh4 dxe4 40. Ng6 exf3+ 41. Kxf3 Rg5 42. Nxe7+ Kc5 43. Rd3
Rg7 44. Rc3+ Kb4 45. Rc7 Ka3 46. b4 Rf7+ 47. Ke4 Kxb4 48. Ke5 Ba2 49. Nc6+
Kxa4 50. Rxf7 Bxf7 51. Nxa5 Kxa5 1/2-1/2

[Event "2nd Limpedea Cup"]
[Site "Baia Sprie ROM"]
[Date "2010.05.28"]
[Round "6"]
[White "Burnoiu,N1"]
[Black "Sieciechowicz,M"]
[Result "0-1"]
[WhiteElo "2403"]
[BlackElo "2427"]
[EventDate "2010.05.24"]

1. e4 c5 2. Nf3 d6 3. d4 cxd4 4. Nxd4 Nf6 5. Nc3 a6 6. Be2 e5 7. Nb3 Be7 8.
Be3 O-O 9. a4 Be6 10. O-O Nbd7 11. Qd2 Rc8 12. Rfd1 Nb6 13. a5 Nc4 14. Bxc4
Rxc4 15. f3 Qc8 16. Nc1 d5 17. exd5 Rd8 18. Nd3 Nxd5 19. Nxd5 Rxd5 20. c3
e4 21. fxe4 Rxe4 22. Kh1 Bd6 23. Qf2 Rf5 24. Qd2 Bd5 25. Nf2 Rh4 26. Qxd5
Rxd5 27. Rxd5 Qe6 28. Rad1 Qxe3 29. Rxd6 h6 30. Nh3 Re4 31. Ng1 Re5 32. Rd7
Qe4 33. Nf3 Rxa5 34. Re1 Qc6 35. Rd8+ Kh7 36. h3 Qb6 37. Rd2 Ra2 38. Ree2
a5 39. Ne5 Ra1+ 40. Kh2 Qg1+ 41. Kg3 Re1 42. Nxf7 Rxe2 43. Rxe2 Qf1 44. Re7
Qb5 45. Rc7 a4 46. h4 Qxb2 47. h5 Qb5 48. Kh4 Qb6 0-1

[Event "2nd Limpedea Cup"]
[Site "Baia Sprie ROM"]
[Date "2010.05.28"]
[Round "6"]
[White "Shishkin,Va UKR"]
[Black "Warakomski,T"]
[Result "1/2-1/2"]
[WhiteElo "2513"]
[BlackElo "2499"]
[EventDate "2010.05.24"]

1. d4 Nf6 2. c4 e6 3. Nc3 Bb4 4. Qc2 O-O 5. e4 d5 6. e5 Ne4 7. Bd3 c5 8.
Nf3 cxd4 9. Nxd4 Nd7 10. Bf4 Ndc5 11. O-O Nxd3 12. Qxd3 Bxc3 13. bxc3 Bd7
14. cxd5 exd5 15. c4 Qa5 16. Nb3 dxc4 17. Qxd7 cxb3 18. axb3 Qb6 19. Be3
Qxb3 20. Rab1 Qc4 21. Rxb7 Nc3 22. h3 Rad8 23. Qg4 Qxg4 24. hxg4 Rfe8 25.
f4 f6 26. Ra1 Ra8 27. exf6 gxf6 28. Bd2 Ne4 29. Bb4 a6 30. Be7 Kf7 31. Ba3+
Kg8 32. Rd1 Rab8 33. Ra7 Ra8 34. Rdd7 Rxa7 35. Rxa7 Re6 36. Ra8+ Kf7 37.
Ra7+ Kg8 38. Ra8+ 1/2-1/2

[Event "2nd Limpedea Cup"]
[Site "Baia Sprie ROM"]
[Date "2010.05.28"]
[Round "6"]
[White "Manolache,M"]
[Black "Thesing,M"]
[Result "1/2-1/2"]
[WhiteElo "2527"]
[BlackElo "2425"]
[EventDate "2010.05.24"]

1. d4 d5 2. Nf3 Nf6 3. c4 e6 4. e3 c5 5. Nc3 dxc4 6. Bxc4 a6 7. a4 Nc6 8.
O-O Be7 9. b3 cxd4 10. exd4 O-O 11. Bb2 Nb4 12. Ne5 b6 13. Qe2 Nfd5 14. f4
Bb7 15. f5 Nxc3 16. Bxc3 Nd5 17. Bb2 exf5 18. Rxf5 g6 19. Rf3 b5 20. axb5
axb5 21. Rxa8 Qxa8 22. Bxb5 Bg5 23. Bc4 Nf4 24. Rxf4 Bxf4 25. Nd7 Qa2 26.
Nxf8 Qb1+ 27. Kf2 Bxh2 28. d5 Qf5+ 29. Qf3 Qc2+ 30. Qe2 Qf5+ 31. Qf3 Qc2+
32. Qe2 1/2-1/2

[Event "2nd Limpedea Cup"]
[Site "Baia Sprie ROM"]
[Date "2010.05.30"]
[Round "7"]
[White "Thesing,M"]
[Black "Burnoiu,N1"]
[Result "1/2-1/2"]
[WhiteElo "2425"]
[BlackElo "2403"]
[EventDate "2010.05.24"]

1. e4 c5 2. Nc3 d6 3. Nf3 Nf6 4. d4 cxd4 5. Nxd4 a6 6. Be3 e5 7. Nf3 Be7 8.
Bc4 O-O 9. O-O Be6 10. Bb3 Nc6 11. Qe2 Na5 12. Rfd1 Nxb3 13. cxb3 Nd7 14.
Ne1 f5 15. exf5 Rxf5 16. Nc2 Qf8 17. Nb4 Nf6 18. Nbd5 Nxd5 19. Nxd5 Bxd5
20. Rxd5 Rc8 21. Rad1 Qe8 22. Qd3 Rf7 23. b4 Qa4 24. a3 Qc2 25. b5 Qxb2 26.
bxa6 bxa6 27. Qxa6 Rc2 28. Rb5 Qa2 29. Rbb1 Bf8 30. Ra1 Qb2 31. Qa8 Rb7 32.
Qa6 Rb3 33. Qa8 Rb7 34. Qa6 Rb3 35. Qa8 Rb7 1/2-1/2

[Event "2nd Limpedea Cup"]
[Site "Baia Sprie ROM"]
[Date "2010.05.30"]
[Round "7"]
[White "Grigore,Ge"]
[Black "Shishkin,Va UKR"]
[Result "1/2-1/2"]
[WhiteElo "2532"]
[BlackElo "2513"]
[EventDate "2010.05.24"]

1. d4 Nf6 2. c4 g6 3. Nc3 d5 4. Nf3 Bg7 5. Bf4 O-O 6. e3 c5 7. dxc5 Qa5 8.
Rc1 dxc4 9. Bxc4 Qxc5 10. Bb3 Nc6 11. O-O Qa5 12. h3 Bf5 13. Qe2 Ne4 14.
Nd5 e5 15. Rxc6 bxc6 16. Ne7+ Kh8 17. Nxc6 Qb6 18. Ncxe5 Be6 19. Bxe6 Qxe6
20. Qc2 f5 21. Qa4 g5 22. Bh2 Rae8 23. Nd4 Qd5 24. Nd7 Rf7 25. Nc5 Rfe7 26.
Nxe4 Rxe4 27. Qxa7 Bxd4 28. exd4 f4 29. Qc5 Qxd4 30. Qxd4+ Rxd4 31. g3 Re2
32. gxf4 gxf4 33. Rb1 f3 34. b4 Kg8 35. Bg3 Rxa2 36. b5 Raa4 37. Rb3 Rd1+
38. Kh2 Raa1 39. Bc7 Rab1 40. Rxf3 Rxb5 41. Kg2 Rd4 42. Bg3 h5 43. h4 Kg7
1/2-1/2